Can you name all Super League Teams since 1996? - Statistics

General Stats
  • This quiz has been taken 39 times
  • The average score is 19 of 24
Answer Stats
Answer % Correct
Bradford Bulls
100%
Hull FC
100%
Hull KR
100%
Leeds Rhinos
100%
London Broncos
100%
St Helens
100%
Wakefield Trinity
100%
Wigan Warriors
100%
Castleford Tigers
92%
Catalans Dragons
92%
Salford Red Devils
92%
Warrington Wolves
92%
Huddersfield Giants
85%
Sheffield Eagles
77%
Widnes Vikings
77%
Gateshead Thunder
69%
Halifax Panthers
69%
Leigh Leopards
69%
Toulouse Olympique
69%
Oldham RLFC
62%
Paris Saint-Germain
38%
Toronto Wolfpack
38%
Workington Town
31%
North Wales Crusaders
23%
No matching quizzes found
Score Distribution
Percent of People with Each Score
Percentile by Number Answered
Your Score History
You have not taken this quiz